Datum a čas kvízu
35.5
Celkem bodů
Celkový počet nahraných bodů na tomto kvízu bez doplňovacích otázek.
5.
Pořadí na kvízu
Konečné umístění týmu na tomto kvízu.
Zaznamenané odpovědi
| # | Otázka | Odpověď | Body | Výsledky |
|---|---|---|---|---|
| 1. | Nejsledovanějším, nejprestižně... | Jedlovou | 1 | |
| 2. | V Severní Koreji zavedli nový... | ruský jazyk | 0 | |
| 3. | Minulý týden proběhlo vyhlášen... | Jan Špaček | 1 | |
| 4. | Minulý týden jsme se dozvěděli... | Five Guys | 1 | |
| 5. | V sobotu začala nová biatlonov... | v Östersundu | 1 | |
| 6. | Seřaďte tyto ostrovy dle rozlo... | 1C 2A 3D 4B | 0 | |
| 7. | Nyní přiřaďte ostrovy ke států... | 1A 2D 3C 4B | 1 | |
| 8. | Kterému ostrovnímu středomořsk... | Kypr | 0 | |
| 9. | Nyní si odskočíme ke kinematog... | Řek Zorba, Anthony Quinn | 1 | |
| 10. | Ke kterému středomořskému ostr... | Elba | 1 |